| 000 | 00615nam a2200217 a 4500 | ||
|---|---|---|---|
| 001 | BRL_640 | ||
| 005 | 20190320210830.0 | ||
| 008 | 170913s1952----gw-#######---#000-0#ger-# | ||
| 041 | _ager | ||
| 044 | _agw | ||
| 050 | 4 |
_aPT2653 _b.G37 1952 |
|
| 100 | 1 |
_aGarnett, David _d1892-1981 _924494 |
|
| 245 | 1 | 0 |
_aMeine Frau die Füchsin und der Mann im Zoo _bZwei Erzählungen _cvon David Garnett. |
| 260 |
_aHamburg _bRowohlt Hamburg _c1952 |
||
| 300 |
_a141 p. _c19 cm. |
||
| 440 | 0 |
_aRororo-Taschenbuch _v51 _924495 |
|
| 500 | _aAu694 | ||
| 650 | 1 | 4 |
_aLiteratura Alemana _xCuento _924496 |
| 902 | _aGRL | ||
| 942 |
_2lcc _cB |
||
| 999 |
_c9452 _d9452 |
||